A-Z Pairs Blitz Quiz Stats

 Plays Quiz Updated Jul 2, 2018

Challenge
Share
Tweet
Embed
Score 0/50 Timer 04:00
0 Plays Today
% Correct
France
92.3%
Kansas
91.9%
Cancer
90.8%
Kentucky
90.3%
Peter
88.4%
Niece
87.2%
Capricorn
86%
Brazil
85%
Maine
84.7%
Nephew
84.1%
Finland
79.3%
Elizabeth
78.8%
Bolivia
78.4%
Massachusetts
78.1%
Haiti
75.1%
Honduras
74.9%
Edward
74.3%
Question Mark
74.1%
Quotation Marks
72.4%
Omicron
71.5%
Goldfinger
70.2%
Yellowstone
70%
India
69.2%
Switzerland
68.6%
Washington
67.4%
% Correct
Wilson
67.3%
Yosemite
66.7%
Zinc
66.6%
Solomon Islands
64%
Turkmenistan
62.6%
Jermaine
59.4%
Violet
57.6%
Ursa Major
52.3%
Ursa Minor
51.8%
Tajikistan
51.6%
Athos
51.5%
Libya
49%
Aramis
48.9%
Goldeneye
48.9%
Veruca
47%
Italy
45%
Raleigh
43.6%
Lebanon
37.4%
Omega
34.3%
Richmond
30.1%
David Copperfield
30%
Zirconium
28%
Philip
27.8%
Jackie
23.2%
Dombey and Son
6%

You're not logged in!

Compare scores with friends on all Sporcle quizzes.
Join for Free
OR
Log In

You Might Also Like...

Show Comments

Extras

Top Quizzes Today


Score Distribution

Your Account Isn't Verified!

In order to create a playlist on Sporcle, you need to verify the email address you used during registration. Go to your Sporcle Settings to finish the process.

Report this User

Report this user for behavior that violates our Community Guidelines.

Details: